000 00568nam a2200205 a 4500
001 000035660
003 DO-SdBNP
005 20220909111338.0
008 111108s2008 dr 00 0 spa d
040 _aDO-SdBNP
_bspa
_cBPMSU
082 _a306.42
_bS237c 2008
_222
100 1 _aSantos, Jochy
245 1 3 _aEl club de los super sabios /
_cJochy Santos.
260 _aSanto Domingo :
_bTele 3,
_c2008.
300 _a149 p. ;
_c22 cm.
590 _aInventariado,2022/VM
650 4 _aCultura
_xPreguntas y respuestas, etc.
910 _aVMateo V./Validado
942 _2ddc
_cBK
999 _c14256
_d14256